The Audacity to Win. How Obama won and how we can beat the Party of Limbaugh, Beck, and Palin.

Enregistré dans:
Détails bibliographiques
Auteur principal: Plouffe, David (Auteur)
Format: Inconnue
Publié: London, England: Penguin Books, 2010.
Sujets:
Tags: Ajouter un tag
Pas de tags, Soyez le premier à ajouter un tag!

MARC

LEADER 00000 a2200000 4500
003 CL-VaPUC
005 20221216092853.0
008 2211302010 ||||| |||| 00| 0 eng d
999 |c 439529  |d 439527 
020 |a 978-0-14-311808-4 (pbk) 
040 |c Pontificia Universidad Católica de Valparaíso 
082 7 |a 324.9730931 PLO 2010  |2 22 
100 |a Plouffe, David  |9 878851  |e author 
245 |a The Audacity to Win. How Obama won and how we can beat the Party of Limbaugh, Beck, and Palin.  
260 |a London, England:   |b Penguin Books,  |c 2010. 
300 |a 415 páginas.  
583 |k GC  |c 20221130 
600 |a Obama, Barack   |q (Obama II​, Barack Hussein)  |x Presidente   |z Estados Unidos   |y 2000-2017   |9 878908 
650 |a Presidentes   |z Estados Unidos  |z Elección   |y 2008  |9 878909 
650 |a Campañas políticas  |z Estados Unidos   |9 878910 
942 |2 ddc  |c BK 
952 |0 0  |1 0  |2 ddc  |4 0  |6 324_973093100000000_PLO_2010  |7 0  |8 A  |9 588006  |a BIBCUR  |b BIBCUR  |c GEN  |d 2022-11-30  |e 155  |g 55500.00  |i 5655861  |o 324.9730931 PLO 2010  |p 5655861  |r 2025-04-22  |t 1  |v 55500.00  |w 2022-11-30  |y BK  |k PER